<?xml version="1.0" encoding="UTF-8"?><?xml-stylesheet type="text/xsl" href="static/style.xsl"?><OAI-PMH xmlns="http://www.openarchives.org/OAI/2.0/" xmlns:xsi="http://www.w3.org/2001/XMLSchema-instance" xsi:schemaLocation="http://www.openarchives.org/OAI/2.0/ http://www.openarchives.org/OAI/2.0/OAI-PMH.xsd"><responseDate>2026-04-13T01:14:56Z</responseDate><request verb="GetRecord" identifier="oai:www.recercat.cat:10230/70254" metadataPrefix="marc">https://recercat.cat/oai/request</request><GetRecord><record><header><identifier>oai:recercat.cat:10230/70254</identifier><datestamp>2025-06-21T12:20:57Z</datestamp><setSpec>com_2072_6</setSpec><setSpec>col_2072_452953</setSpec></header><metadata><record xmlns="http://www.loc.gov/MARC21/slim" xmlns:dcterms="http://purl.org/dc/terms/" xmlns:xsi="http://www.w3.org/2001/XMLSchema-instance" xmlns:doc="http://www.lyncode.com/xoai" xsi:schemaLocation="http://www.loc.gov/MARC21/slim http://www.loc.gov/standards/marcxml/schema/MARC21slim.xsd">
   <leader>00925njm 22002777a 4500</leader>
   <datafield ind2=" " ind1=" " tag="042">
      <subfield code="a">dc</subfield>
   </datafield>
   <datafield ind2=" " ind1=" " tag="720">
      <subfield code="a">Pont Sorribes, Carles</subfield>
      <subfield code="e">author</subfield>
   </datafield>
   <datafield ind2=" " ind1=" " tag="720">
      <subfield code="a">Besalú Casademont, Reinald, 1983-</subfield>
      <subfield code="e">author</subfield>
   </datafield>
   <datafield ind2=" " ind1=" " tag="720">
      <subfield code="a">Martí-Danés, Aleix</subfield>
      <subfield code="e">author</subfield>
   </datafield>
   <datafield ind2=" " ind1=" " tag="720">
      <subfield code="a">Pecino, Isaac</subfield>
      <subfield code="e">author</subfield>
   </datafield>
   <datafield ind2=" " ind1=" " tag="720">
      <subfield code="a">Falak, Agustina</subfield>
      <subfield code="e">author</subfield>
   </datafield>
   <datafield ind2=" " ind1=" " tag="720">
      <subfield code="a">López Escarcena, Ignacio José Antonio</subfield>
      <subfield code="e">author</subfield>
   </datafield>
   <datafield ind2=" " ind1=" " tag="720">
      <subfield code="a">Castelo Heymann,  Santiago</subfield>
      <subfield code="e">author</subfield>
   </datafield>
   <datafield ind2=" " ind1=" " tag="260">
      <subfield code="c">2025-05-02T12:31:04Z</subfield>
   </datafield>
   <datafield ind2=" " ind1=" " tag="260">
      <subfield code="c">2025-05-02T12:31:04Z</subfield>
   </datafield>
   <datafield ind2=" " ind1=" " tag="260">
      <subfield code="c">2025</subfield>
   </datafield>
   <datafield ind2=" " ind1=" " tag="520">
      <subfield code="a">Este informe realizado por la Cátedra Ideograma - UPF de Comunicación Política y Democracia examina las tendencias de la credibilidad informativa en Argentina y Chile a través de un estudio demoscópico con una muestra de 1.604 argentinos y 1.623 chilenos, ambos representativos en las variables género, edad y origen geográfico. El estudio analiza, entre otros factores, los efectos del formato del mensaje en la credibilidad de la información. En total se presentan cuatro formatos (televisión digital, prensa digital, Facebook y WhatsApp) y cuatro temáticas de noticias (desempleo, salud pública, corrupción y medioambiente). Los resultados muestran cómo la televisión sigue siendo el medio más creíble, seguido por la prensa digital. En cambio, las plataformas de social media Facebook y WhatsApp se perciben como las menos creíbles. La temática no parece un elemento relevante en sus efectos en la credibilidad, pero sí que se encuentran factores socioeconómicos y políticos con efectos relevantes como la edad, el nivel educativo, la ideología política y la satisfacción con la democracia.

Relación de ficheros y nomenclaturas abreviadas:
- INFORME_Cred_info.pdf
- Noticia Medioambiente V Argentina: Vídeo1_Ar_Med.mp4 (181 MB)
- Noticia Salud Publica V Argentina: Vídeo2_Ar_ SP.mp4 (186.66 MB)
- Noticia Corrupcion V Argentina: Vídeo3_Ar_Cor.mp4 (151.69 MB)
- Noticia Desempleo V Argentina: Vídeo4_Ar_Des .mp4 (124.56 MB)
- Noticia Medioambiente V Chile: Vídeo5_Ch_Med.mp4 (189.86 MB)
- Noticia Salud Publica V Chile: Vídeo6_Ch_SP.mp4 (186.64 MB)
- Noticia Corrupcion V Chile: Vídeo7_Ch_Des.mp4 (135.54 MB)
- Noticia Desempleo V Chile: Vídeo8_Ch_Des.mp4 (128.44 MB)</subfield>
   </datafield>
   <datafield ind2="0" ind1="0" tag="245">
      <subfield code="a">Una aproximación a la credibilidad informativa en Latinoamérica: los casos de Argentina y Chile</subfield>
   </datafield>
</record></metadata></record></GetRecord></OAI-PMH>